000
00333nam a2200157Ia 4500
100
_a
Kendall/M.G/ Stuart/A
490
_v
III
942
_c
BK
654
_a
statistics
245
_a
Advanced theory of Statistics
260
_b
Griffin
_a
London
_c
1975
082
_a
519.5
_b
KEN
300
_a
586
546
_a
ENGLISH
999
_c
33990
_d
33990